| 000 | 00744nam a2200169 i 4500 | ||
|---|---|---|---|
| 001 | 189002 | ||
| 003 | ES-MaACL | ||
| 005 | 20250823063131.0 | ||
| 008 | 190319s1945 sp |||| | spa d | ||
| 100 | 1 |
_aMartínez Kleiser, Luis, _d1883-1971 _978166 |
|
| 245 | 1 | 0 |
_aOración a la palabra / _cdiscurso leído ante la Real Academia Española el día 10 de enero de 1946 en su recepción pública por el Excmo. Sr. D. Luis Martínez Kleiser y contestación del Excmo. Sr. D. Armando Cotarelo Valledor. |
| 260 |
_aMadrid : _b[s.n.], _c1945 ( _fS. Aguirre) |
||
| 300 |
_a70 p. ; _c25 cm. |
||
| 700 | 1 |
_aCotarelo Valledor, Armando, _d1879-1950 _941167 |
|
| 852 |
_aES-MaACL _jK-157-3 _z.- Enc. en un vol. facticio |
||
| 999 |
_c189002 _d189002 |
||